[Event "57th POL-ch"]
[Site "Plock POL"]
[Date "2000.03.31"]
[Round "1"]
[White "Blehm, Pawel"]
[Black "Grabarczyk, Bogdan"]
[Result "1/2-1/2"]
[WhiteElo "2494"]
[BlackElo "2394"]
[EventDate "2000.03.31"]
[PlyCount "89"]

1.e4 e6 2.d4 d5 3.Nd2 g6 4.Ngf3 Bg7 5.Bd3 Nc6 6.c3 Nh6 7.O-O O-O 8.Re1 f5 
9.exd5 exd5 10.c4 Ng4 11.cxd5 Nb4 12.Bc4 Nxd5 13.Nf1 c6 14.Bg5 Nf6 15.Ne5 
Qd6 16.Qb3 Ne4 17.Bf4 Be6 18.Nxg6 Nxf4 19.Nxf4 Qxf4 20.Bxe6+ Kh8 21.Qe3 
Qh4 22.Rad1 Rae8 23.Bd7 Re7 24.f3 Rxd7 25.fxe4 fxe4 26.Ng3 Qd8 27.Qxe4 
Rxd4 28.Qe2 Rxd1 29.Rxd1 Qb6+ 30.Kh1 Qxb2 31.Qxb2 Bxb2 32.Rd7 Rb8 33.Nf5 
c5 34.Rc7 Bd4 35.Nxd4 cxd4 36.Rd7 Rc8 37.h3 Rc2 38.Rxd4 Rxa2 39.Rd8+ Kg7 
40.Rd7+ Kg6 41.Rxb7 a5 42.Kh2 a4 43.Ra7 Ra3 44.h4 h5 45.Ra5 1/2-1/2

[Event "57th POL-ch"]
[Site "Plock POL"]
[Date "2000.03.31"]
[Round "1"]
[White "Krasenkow, Michal"]
[Black "Markowski, Tomasz"]
[Result "1-0"]
[WhiteElo "2661"]
[BlackElo "2531"]
[EventDate "2000.03.31"]
[PlyCount "109"]

1.Nf3 d5 2.d4 e6 3.c4 dxc4 4.Qa4+ c6 5.Qxc4 Nf6 6.Bg5 b5 7.Qc2 Bb7 8.e4 
Nbd7 9.Nbd2 Qb6 10.a4 a6 11.Be2 c5 12.axb5 axb5 13.Rxa8+ Bxa8 14.O-O Bb7 
15.Rc1 h6 16.Be3 Ng4 17.dxc5 Nxe3 18.cxb6 Nxc2 19.Rxc2 Bd6 20.Bxb5 Ke7 21.
Bxd7 Kxd7 22.e5 Bb8 23.Kf1 g5 24.h3 Rg8 25.g4 Bd5 26.Ke2 Ke7 27.Nc4 Rc8 
28.Ne3 Rxc2+ 29.Nxc2 Kd7 30.Nb4 Bb7 31.Ke3 Kc8 32.Nd3 Bxf3 33.Kxf3 Kb7 34.
Ke4 Kxb6 35.b3 Bc7 36.Nb2 Kc6 37.Nd3 Bd8 38.f4 gxf4 39.Nxf4 Be7 40.Nh5 Bh4
41.Nf6 Be1 42.Ng8 Bd2 43.h4 Kd7 44.h5 Kc6 45.Nf6 Bb4 46.g5 hxg5 47.h6 Bf8 
48.h7 Bg7 49.Ne8 Bh8 50.Nd6 f5+ 51.Kd4 g4 52.Nf7 Bg7 53.h8=Q Bxh8 54.Nxh8 
Kb5 55.Ng6 1-0

[Event "57th POL-ch"]
[Site "Plock POL"]
[Date "2000.03.31"]
[Round "1"]
[White "Kuczynski, Robert"]
[Black "Czerwonski, Aleksander"]
[Result "1/2-1/2"]
[WhiteElo "2451"]
[BlackElo "2414"]
[EventDate "2000.03.31"]
[PlyCount "69"]

1.e4 d6 2.d4 Nf6 3.Nc3 g6 4.Nf3 Bg7 5.Be2 O-O 6.O-O e6 7.Re1 Nc6 8.h3 h6 
9.Be3 b6 10.Qd2 Kh7 11.Rad1 Bb7 12.e5 dxe5 13.dxe5 Ng8 14.Qc1 Qe7 15.Bf4 
Rfd8 16.a3 Rxd1 17.Rxd1 Rd8 18.Bd3 Rd7 19.Qd2 Kh8 20.Qe3 Qd8 21.Re1 Nce7 
22.g4 Nd5 23.Nxd5 Bxd5 24.Nd2 Bb7 25.Ne4 Rd4 26.Bg3 Rd7 27.Qf4 Bc6 28.h4 
Qe7 29.Qe3 Qd8 30.Qf4 Qe7 31.Re2 Rd4 32.Qe3 Rd7 33.Re1 Qd8 34.Qf4 Qe7 35.
Qe3 1/2-1/2

[Event "57th POL-ch"]
[Site "Plock POL"]
[Date "2000.04.01"]
[Round "2"]
[White "Macieja, Bartlomiej"]
[Black "Grabarczyk, Miroslaw"]
[Result "1/2-1/2"]
[WhiteElo "2558"]
[BlackElo "2522"]
[EventDate "2000.03.31"]
[PlyCount "65"]

1.e4 e5 2.Nf3 Nc6 3.d4 exd4 4.Nxd4 Nf6 5.Nxc6 bxc6 6.e5 Qe7 7.Qe2 Nd5 8.c4
Ba6 9.b3 g6 10.g3 Bg7 11.Bb2 O-O-O 12.Bg2 Rhe8 13.O-O Bxe5 14.Bxe5 Qxe5 
15.Qxe5 Rxe5 16.cxd5 Bxf1 17.Kxf1 cxd5 18.Nc3 c6 19.Rc1 Kb8 20.Na4 Re7 21.
Bf3 Rde8 22.h4 Rg8 23.b4 Rc8 24.Nb2 Rc7 25.Nd3 Kc8 26.Rc3 Kd8 27.Ra3 Re8 
28.Nc5 Ke7 29.g4 h6 30.Re3+ Kd8 31.Ra3 Ke7 32.Be2 Kf8 33.Bf3 1/2-1/2

[Event "57th POL-ch"]
[Site "Plock POL"]
[Date "2000.04.01"]
[Round "2"]
[White "Jaracz, Pawel"]
[Black "Urban, Klaudiusz"]
[Result "1/2-1/2"]
[WhiteElo "2490"]
[BlackElo "2467"]
[EventDate "2000.03.31"]
[PlyCount "47"]

1.e4 g6 2.d4 d6 3.Nc3 c6 4.f4 d5 5.e5 h5 6.Nf3 Nh6 7.Be3 Qb6 8.Na4 Qa5+ 9.
c3 Bg4 10.Nc5 Nf5 11.Bf2 e6 12.Nd3 Nd7 13.Be2 Qc7 14.O-O c5 15.Qd2 Be7 16.
Rfc1 O-O 17.h3 Bxf3 18.Bxf3 c4 19.Ne1 h4 20.Bg4 Kg7 21.Nf3 Rh8 22.b3 Nb6 
23.Qe1 Qd8 24.Nd2 1/2-1/2

[Event "57th POL-ch"]
[Site "Plock POL"]
[Date "2000.04.01"]
[Round "2"]
[White "Czerwonski, Aleksander"]
[Black "Hnydiuk, Aleksander"]
[Result "1/2-1/2"]
[WhiteElo "2414"]
[BlackElo "2352"]
[EventDate "2000.03.31"]
[PlyCount "44"]

1.d4 Nf6 2.c4 e6 3.Nc3 Bb4 4.e3 c5 5.Ne2 cxd4 6.exd4 O-O 7.c5 d6 8.a3 
Bxc3+ 9.Nxc3 Nc6 10.Bg5 h6 11.Bh4 dxc5 12.dxc5 Qd4 13.Qxd4 Nxd4 14.Rd1 Nb3
15.Bxf6 gxf6 16.Ne4 f5 17.Bc4 Na5 18.Nd6 b6 19.cxb6 Nxc4 20.Nxc4 Ba6 21.
Ne5 axb6 22.Nd7 Rfc8 1/2-1/2

[Event "57th POL-ch"]
[Site "Plock POL"]
[Date "2000.04.01"]
[Round "2"]
[White "Markowski, Tomasz"]
[Black "Kuczynski, Robert"]
[Result "1-0"]
[WhiteElo "2531"]
[BlackElo "2451"]
[EventDate "2000.03.31"]
[PlyCount "121"]

1.Nf3 d6 2.c4 f5 3.Nc3 Nf6 4.g3 g6 5.Bg2 Bg7 6.O-O O-O 7.d3 Nc6 8.Rb1 e5 
9.b4 h6 10.b5 Ne7 11.Ba3 Be6 12.Nd2 Rb8 13.Qa4 Nd7 14.Bb4 Nc8 15.Qc2 g5 
16.Nd5 Nc5 17.Nb3 b6 18.Bc3 a5 19.Nxc5 dxc5 20.Qb2 Bxd5 21.Bxd5+ Kh7 22.
Bxe5 Bxe5 23.Qxe5 Qe7 24.Qxe7+ Nxe7 25.Bg2 f4 26.Be4+ Kg7 27.e3 Rbd8 28.
Rbd1 Rd6 29.Kg2 Re6 30.Rfe1 f3+ 31.Kg1 g4 32.h3 h5 33.h4 Rd8 34.Kf1 Kf6 
35.a4 Kg7 36.Rc1 Kf6 37.Red1 Red6 38.Ke1 Ke5 39.Kd2 Ng8 40.Kc3 Nf6 41.Bc6 
Ke6 42.Rd2 Ke5 43.Rcd1 Kf5 44.Bb7 R6d7 45.Be4+ Ke6 46.Bc6 Rd6 47.d4 Rxc6 
48.bxc6 Ne4+ 49.Kc2 Nxd2 50.Rxd2 Kf6 51.Kc3 Rd6 52.e4 cxd4+ 53.Rxd4 Rxc6 
54.Rd5 Rc5 55.Kd4 Ke6 56.Rd8 Re5 57.Re8+ Kd6 58.Rxe5 c5+ 59.Kd3 Kxe5 60.
Ke3 Kd6 61.Kf4 1-0

[Event "57th POL-ch"]
[Site "Plock POL"]
[Date "2000.04.01"]
[Round "2"]
[White "Grabarczyk, Bogdan"]
[Black "Socko, Bartosz"]
[Result "1-0"]
[WhiteElo "2394"]
[BlackElo "2556"]
[EventDate "2000.03.31"]
[PlyCount "79"]

1.e4 e6 2.d4 d5 3.Nc3 Bb4 4.Bd2 dxe4 5.Qg4 Nf6 6.Qxg7 Rg8 7.Qh6 b6 8.O-O-O
Bb7 9.Nh3 Qe7 10.Nb5 Bxd2+ 11.Rxd2 Rg6 12.Qf4 Na6 13.Rg1 Rg4 14.Qh6 Rg6 
15.Qf4 Rg4 16.Qh6 Rd8 17.Be2 Rg6 18.Qe3 Nb4 19.Nf4 Rg7 20.a3 Nbd5 21.Nxd5 
exd5 22.f3 a6 23.Nc3 Kf8 24.fxe4 dxe4 25.Rf1 Rd6 26.g3 b5 27.Bd1 Rg6 28.
Rdf2 Kg8 29.Rf5 Qd8 30.h4 Nd5 31.Nxd5 Bxd5 32.h5 Rge6 33.Qf4 Re8 34.h6 Kh8
35.Bh5 e3 36.Re5 Rg8 37.Qxe3 f6 38.Re7 Bc4 39.Rf4 f5 40.Qe5+ 1-0

[Event "57th POL-ch"]
[Site "Plock POL"]
[Date "2000.04.01"]
[Round "2"]
[White "Gdanski, Jacek"]
[Black "Blehm, Pawel"]
[Result "1-0"]
[WhiteElo "2535"]
[BlackElo "2494"]
[EventDate "2000.03.31"]
[PlyCount "121"]

1.e4 e5 2.Nf3 Nc6 3.Bb5 Nf6 4.O-O Nxe4 5.d4 Nd6 6.Bxc6 dxc6 7.dxe5 Nf5 8.
Qxd8+ Kxd8 9.Nc3 Ke8 10.h3 Ne7 11.Ne2 Ng6 12.Re1 a5 13.a4 h5 14.Nf4 Nxf4 
15.Bxf4 Be6 16.Nd4 Bc5 17.Nxe6 fxe6 18.Rad1 Rd8 19.Rxd8+ Kxd8 20.Be3 Bxe3 
21.Rxe3 h4 22.Kf1 Rh5 23.f4 Rf5 24.Re4 Ke7 25.Ke2 Rf8 26.Ke3 c5 27.Rc4 b6 
28.Rc3 Rd8 29.Rd3 Rf8 30.Ke4 Rf5 31.g4 hxg3 32.Rxg3 Kf7 33.Kf3 Rh5 34.Kg4 
g6 35.h4 Rf5 36.b3 Rh5 37.Rh3 Ke7 38.Kf3 Kf7 39.Ke4 Rh8 40.Rh2 Ke7 41.Kf3 
Kf7 42.Kg4 Rh5 43.Rd2 Ke7 44.Rg2 Kf7 45.Rh2 Ke7 46.c3 Rh8 47.h5 gxh5+ 48.
Rxh5 Rg8+ 49.Rg5 Rh8 50.Rg7+ Kd8 51.c4 Rf8 52.Kg3 Rh8 53.Rf7 Rh1 54.f5 
exf5 55.Kf4 Rb1 56.Kg5 f4 57.Kf6 Kc8 58.Ke7 Re1 59.e6 Re4 60.Rf6 Kb7 61.
Kf8 1-0

[Event "57th POL-ch"]
[Site "Plock POL"]
[Date "2000.04.02"]
[Round "3"]
[White "Blehm, Pawel"]
[Black "Macieja, Bartlomiej"]
[Result "1-0"]
[WhiteElo "2494"]
[BlackElo "2558"]
[EventDate "2000.03.31"]
[PlyCount "95"]

1.e4 c6 2.d4 d5 3.e5 Bf5 4.c3 e6 5.Be3 Nd7 6.Nd2 c5 7.Ngf3 Qb6 8.b3 Bg6 9.
Be2 Nh6 10.h4 Bh5 11.dxc5 Bxc5 12.Nd4 Bxe2 13.Qxe2 Nf5 14.Nxf5 exf5 15.Bf4
Qa6 16.Qxa6 bxa6 17.Nf3 Nf8 18.Rd1 Ne6 19.Bc1 O-O-O 20.O-O Rd7 21.Rd3 Rhd8
22.Rfd1 h6 23.g3 Bb6 24.Ba3 Bc5 25.Bxc5 Nxc5 26.Re3 Ne6 27.Nd4 Nxd4 28.
Rxd4 Re8 29.h5 Kc7 30.g4 Rde7 31.Rxd5 fxg4 32.Kg2 f6 33.Kg3 Rxe5 34.Rdxe5 
fxe5 35.Re4 Rd8 36.Rxe5 Rd2 37.Re7+ Kb8 38.Rxg7 Rxa2 39.Rg6 Rc2 40.Rxh6 
Rxc3+ 41.Kxg4 Rxb3 42.Rf6 Rb1 43.h6 Rh1 44.Kg5 Kb7 45.Rf4 Rh2 46.f3 Rh3 
47.Rh4 Rg3+ 48.Kf4 1-0

[Event "57th POL-ch"]
[Site "Plock POL"]
[Date "2000.04.02"]
[Round "3"]
[White "Socko, Bartosz"]
[Black "Gdanski, Jacek"]
[Result "1/2-1/2"]
[WhiteElo "2556"]
[BlackElo "2535"]
[EventDate "2000.03.31"]
[PlyCount "50"]

1.e4 c5 2.Nf3 Nc6 3.d4 cxd4 4.Nxd4 g6 5.c4 Nf6 6.Nc3 d6 7.Be2 Nxd4 8.Qxd4 
Bg7 9.Be3 O-O 10.Qd2 Be6 11.O-O Qa5 12.Rfc1 Rfc8 13.b3 Ng4 14.Bxg4 Bxg4 
15.Rab1 Be6 16.Nd5 Qxd2 17.Bxd2 Kf8 18.Kf1 Ke8 19.Ke2 f5 20.f3 Kd7 21.Be3 
Be5 22.h3 g5 23.Bxg5 fxe4 24.f4 Bxd5 25.fxe5 Bc6 1/2-1/2

[Event "57th POL-ch"]
[Site "Plock POL"]
[Date "2000.04.02"]
[Round "3"]
[White "Krasenkow, Michal"]
[Black "Grabarczyk, Bogdan"]
[Result "1-0"]
[WhiteElo "2661"]
[BlackElo "2394"]
[EventDate "2000.03.31"]
[PlyCount "61"]

1.d4 Nf6 2.c4 g6 3.Nc3 Bg7 4.e4 O-O 5.h3 c6 6.e5 Ne8 7.f4 d6 8.Nf3 f6 9.
Be3 fxe5 10.fxe5 Nc7 11.Qe2 Nd7 12.O-O-O b5 13.h4 bxc4 14.h5 Nd5 15.hxg6 
hxg6 16.Nxd5 cxd5 17.Bh6 Bxh6+ 18.Rxh6 Kg7 19.Rxg6+ Kxg6 20.Nh4+ Kh6 21.
Qe3+ Kh7 22.Bd3+ cxd3 23.Qxd3+ Kh8 24.Rh1 Nf6 25.exf6 Qc7+ 26.Kb1 Rxf6 27.
Nf3+ Kg8 28.Qh7+ Kf8 29.Qh8+ Kf7 30.Ng5+ Kg6 31.Qh5+ 1-0

[Event "57th POL-ch"]
[Site "Plock POL"]
[Date "2000.04.02"]
[Round "3"]
[White "Kuczynski, Robert"]
[Black "Kempinski, Robert"]
[Result "1/2-1/2"]
[WhiteElo "2451"]
[BlackElo "2528"]
[EventDate "2000.03.31"]
[PlyCount "24"]

1.e4 c5 2.Nf3 d6 3.d4 cxd4 4.Nxd4 Nf6 5.Nc3 a6 6.Be2 e6 7.O-O Be7 8.f4 Qc7
9.a4 Nc6 10.Be3 O-O 11.Qe1 Nxd4 12.Bxd4 e5 1/2-1/2

[Event "57th POL-ch"]
[Site "Plock POL"]
[Date "2000.04.02"]
[Round "3"]
[White "Urban, Klaudiusz"]
[Black "Czerwonski, Aleksander"]
[Result "1/2-1/2"]
[WhiteElo "2467"]
[BlackElo "2414"]
[EventDate "2000.03.31"]
[PlyCount "97"]

1.Nf3 d6 2.d4 Nf6 3.c4 Nbd7 4.Nc3 e5 5.g3 g6 6.Bg2 Bg7 7.O-O O-O 8.h3 c6 
9.e4 exd4 10.Nxd4 Re8 11.Re1 a5 12.Be3 Nc5 13.Qc2 a4 14.Rad1 Qa5 15.Bf4 
Bf8 16.b3 Nfd7 17.Rb1 axb3 18.axb3 Na6 19.Ra1 Qb6 20.Qd2 Bg7 21.Be3 Qd8 
22.Nde2 Ndc5 23.Ra3 Be6 24.Bd4 Nb4 25.Rxa8 Qxa8 26.Bxg7 Kxg7 27.Na4 Qa5 
28.Nxc5 Qxc5 29.Nf4 Ra8 30.Qc3+ Kg8 31.Ra1 Re8 32.Ra4 Na6 33.Nd3 Qb6 34.b4
Qc7 35.Ra1 Qd7 36.h4 h5 37.Rd1 Qc7 38.Rd2 Nb8 39.c5 dxc5 40.Nxc5 Nd7 41.
Qd4 Nf8 42.e5 Bf5 43.f4 Ne6 44.Qd7 Qxd7 45.Nxd7 Ra8 46.Kf2 Ra3 47.Rb2 Kg7 
48.Nb6 Rc3 49.Na4 1/2-1/2

[Event "57th POL-ch"]
[Site "Plock POL"]
[Date "2000.04.02"]
[Round "3"]
[White "Grabarczyk, Miroslaw"]
[Black "Jaracz, Pawel"]
[Result "0-1"]
[WhiteElo "2522"]
[BlackElo "2490"]
[EventDate "2000.03.31"]
[PlyCount "118"]

1.d4 Nf6 2.c4 g6 3.g3 c5 4.d5 Bg7 5.Bg2 e6 6.Nc3 O-O 7.Nf3 exd5 8.cxd5 d6 
9.O-O a6 10.a4 Nbd7 11.Nd2 Re8 12.a5 b5 13.axb6 Nxb6 14.Qc2 Bd7 15.Ra2 Bb5
16.Re1 Re5 17.Nf3 Re7 18.e4 Qe8 19.Bd2 Nc4 20.Bf4 Ng4 21.Bf1 Bxc3 22.bxc3 
Nf6 23.Bg5 Rxe4 24.Raa1 Rxe1 25.Rxe1 Qd8 26.Qc1 h6 27.Bxh6 Nxd5 28.Ng5 Nf6
29.Bxc4 Bxc4 30.Qf4 Bd5 31.c4 Bc6 32.Rd1 Rb8 33.h3 Qe7 34.g4 Rd8 35.Kf1 d5
36.Re1 Qd6 37.Qxd6 Rxd6 38.cxd5 Bxd5 39.Rb1 Rd8 40.Rb6 Ne8 41.f3 Nd6 42.
Ne4 Bxe4 43.fxe4 Nxe4 44.Rxa6 g5 45.Ra4 Re8 46.h4 gxh4 47.Kg2 Kh7 48.Bc1 
Kg6 49.Kh3 f6 50.Rc4 Nf2+ 51.Kg2 Nd3 52.Ba3 Re2+ 53.Kh3 Re3+ 54.Kh2 Ne5 
55.Ra4 c4 56.Bc5 Nxg4+ 57.Kg1 Rg3+ 58.Kh1 Rc3 59.Bd4 Rc2 0-1

[Event "57th POL-ch"]
[Site "Plock POL"]
[Date "2000.04.03"]
[Round "4"]
[White "Macieja, Bartlomiej"]
[Black "Jaracz, Pawel"]
[Result "1-0"]
[WhiteElo "2558"]
[BlackElo "2490"]
[EventDate "2000.03.31"]
[PlyCount "97"]

1.e4 c5 2.Nc3 a6 3.Nge2 d6 4.g3 Nf6 5.Bg2 e6 6.O-O Be7 7.h3 Nc6 8.d3 Qc7 
9.f4 b5 10.g4 b4 11.Nb1 h6 12.a3 bxa3 13.Nxa3 Bb7 14.c3 a5 15.Be3 Ba6 16.
Ng3 d5 17.e5 Nd7 18.c4 d4 19.Bc1 Rb8 20.Ne4 O-O 21.h4 Bxh4 22.g5 hxg5 23.
Qh5 f5 24.Nxg5 Bxg5 25.fxg5 Ncxe5 26.g6 Nxg6 27.Qxg6 Rf6 28.Qh5 Bb7 29.Rf2
Bxg2 30.Rxg2 f4 31.Qg4 g6 32.Nb5 Qe5 33.Re2 Qh5 34.Qxh5 gxh5 35.Kf2 Kh7 
36.Bd2 Rg8 37.Rh1 Rg5 38.Rh4 Ne5 39.Rxe5 Rxe5 40.Nd6 f3 41.Ne4 Rf8 42.Ng3 
Rb8 43.Kxf3 Rf8+ 44.Rf4 Rxf4+ 45.Kxf4 h4 46.Kxe5 hxg3 47.Be1 g2 48.Bf2 Kg6
49.Kxe6 1-0

[Event "57th POL-ch"]
[Site "Plock POL"]
[Date "2000.04.03"]
[Round "4"]
[White "Kempinski, Robert"]
[Black "Hnydiuk, Aleksander"]
[Result "1-0"]
[WhiteElo "2528"]
[BlackElo "2352"]
[EventDate "2000.03.31"]
[PlyCount "47"]

1.d4 Nf6 2.c4 e6 3.Nf3 d5 4.Nc3 c5 5.cxd5 Nxd5 6.e3 Nc6 7.Bd3 Be7 8.O-O 
O-O 9.Ne4 cxd4 10.exd4 b6 11.a3 Bb7 12.Qe2 Qc7 13.Bb1 Na5 14.Neg5 Nf6 15.
Qd3 Qc4 16.Qd1 Rac8 17.b4 Nc6 18.Ba2 Qb5 19.Re1 Rcd8 20.a4 Qxb4 21.Bd2 Qb2
22.Nxe6 fxe6 23.Bxe6+ Kh8 24.Ra2 1-0

[Event "57th POL-ch"]
[Site "Plock POL"]
[Date "2000.04.03"]
[Round "4"]
[White "Grabarczyk, Bogdan"]
[Black "Kuczynski, Robert"]
[Result "0-1"]
[WhiteElo "2394"]
[BlackElo "2451"]
[EventDate "2000.03.31"]
[PlyCount "82"]

1.e4 c5 2.Nf3 d6 3.d4 cxd4 4.Nxd4 Nf6 5.Nc3 a6 6.Bg5 e6 7.f4 Nbd7 8.Qf3 
Qc7 9.O-O-O b5 10.Bd3 Bb7 11.Rhe1 O-O-O 12.f5 e5 13.Nb3 Be7 14.Bxf6 Nxf6 
15.Nd5 Nxd5 16.exd5 Kb8 17.Kb1 Rc8 18.c3 Qb6 19.Bf1 Ka7 20.Re4 a5 21.Qd3 
a4 22.Nd2 Rc5 23.c4 Kb8 24.Qg3 Bf6 25.cxb5 Rxd5 26.Rxa4 e4 27.Qb3 Qf2 28.
Nc4 Rxd1+ 29.Qxd1 d5 30.Be2 d4 31.Nb6 Rd8 32.Bf1 d3 33.Nc4 Rd4 34.Qc1 Rxc4
35.Rxc4 d2 36.Qd1 e3 37.b6 Qxf5+ 38.Ka1 Qe5 39.Rb4 Qc5 40.Rc4 Qa3 41.Rc2 
Bd5 0-1

[Event "57th POL-ch"]
[Site "Plock POL"]
[Date "2000.04.04"]
[Round "5"]
[White "Socko, Bartosz"]
[Black "Macieja, Bartlomiej"]
[Result "1/2-1/2"]
[WhiteElo "2556"]
[BlackElo "2558"]
[EventDate "2000.03.31"]
[PlyCount "97"]

1.Nf3 Nf6 2.g3 g6 3.Bg2 Bg7 4.O-O O-O 5.d3 c5 6.e4 Nc6 7.c3 d5 8.e5 Ne8 9.
d4 Nc7 10.Be3 Bf5 11.Nh4 Be4 12.f3 Bxb1 13.Rxb1 cxd4 14.cxd4 Rc8 15.f4 e6 
16.Rf2 Na8 17.Nf3 Nb6 18.b3 f5 19.exf6 Qxf6 20.Re2 Na8 21.Bf2 Nc7 22.Bh3 
Rfe8 23.Qd3 a6 24.Rbe1 Bf8 25.Ng5 Nd8 26.Re3 Bh6 27.Nf3 Nb5 28.Ne5 Bf8 29.
Nd7 Qf7 30.Nxf8 Qxf8 31.Bxe6+ Rxe6 32.Rxe6 Nxe6 33.Rxe6 Nd6 34.Re2 Ne4 35.
Rc2 Qf5 36.Rxc8+ Qxc8 37.Be3 h5 38.Kg2 Qf5 39.Qd1 Nd6 40.Bf2 Ne4 41.Qc1 
Qg4 42.Qc2 Qd7 43.h3 Kf7 44.Qc1 Nf6 45.Qe1 Qc8 46.Qe5 Qd7 47.Be1 Qc8 48.
Bf2 Qd7 49.Be1 1/2-1/2

[Event "57th POL-ch"]
[Site "Plock POL"]
[Date "2000.04.04"]
[Round "5"]
[White "Krasenkow, Michal"]
[Black "Blehm, Pawel"]
[Result "1/2-1/2"]
[WhiteElo "2661"]
[BlackElo "2494"]
[EventDate "2000.03.31"]
[Annotator "Pawel Blehm"]
[PlyCount "69"]

1.c4 g6 2.d4 Nf6 3.Nc3 Bg7 4.e4 d6 5.Nf3 O-O 6.h3 e5 7.d5 a5 8.Bg5 Na6 9.
Nd2 h6 10.Be3 Nd7 11.g4 
    ( 11.Be2 f5 )
11...Ndc5 $5 
    {Idea f5}
12.Nb3 $6 
    ( 12.Rg1 )
12...Qh4 $1 13.Nxa5 f5 14.a3 
    ( 14.exf5 gxf5 15.gxf5 Bxf5 $17 {idea Sb4} )
14...fxe4 
    ( 14...Nxe4 $5 15.Nxe4 fxe4 {idea Wf3 i Gg4} )
15.b4 Nd3+ 16.Bxd3 exd3 17.Ne4 
    ( 17.Qxd3 $2 e4 )
17...Bf5 $1 18.Qf3 
    ( 18.gxf5 $2 Qxe4 )
    ( 18.Ng3 e4 $1 19.gxf5 gxf5 20.Rg1 Kh7 {i f5-f4} )
18...Bxe4 
    ( 18...Bd7 $5 )
19.Qxe4 Nc5 $1 20.bxc5 Rxa5 21.cxd6 cxd6 22.Qxg6 Ra4 $1 23.Qxd3 $1 
    ( 23.Qxd6 Rxc4 {i Wc2-+} )
23...e4 
    ( 23...Rc8 24.c5 $1 
        ( 24.Rc1 Rca8 25.Rc3 e4 )
    24...dxc5 
        ( 24...Rxg4 $2 25.Qf5 )
    25.d6 $16 )
24.Qc2 Qf6 $8 
    {!}
    ( 24...Bxa1 25.Qxa4 Bc3+ 26.Kd1 Qf6 27.Kc2 )
    ( 24...Raa8 25.Rc1 Rxa3 26.Qxe4 )
25.Rc1 
    ( 25.O-O Qf3 $1 26.Qxa4 Qxh3 27.Qd7 
        ( 27.Rfe1 Be5 {i Gh2} )
    27...Be5 28.Qe6+ Rf7 29.Qg6+ Rg7 30.Qe6+ $11 )
25...Qf3 
    ( 25...Raa8 26.Qxe4 Rae8 27.Qg2 {z idea 0-0} 
        ( 27.Qd3 $2 Qxf2+ )
        ( 27.Qc2 Qf3 )
    )
26.Qxa4 Qxh1+ 27.Kd2 Qg2 $1 
    ( 27...Qxh3 28.Qd7 {+-} )
28.Qd1 
    ( 28.Qa7 Qxh3 29.Qxb7 Bd4 $1 
        ( 29...Rxf2+ 30.Bxf2 Qd3+ 31.Ke1 Bc3+ 32.Rxc3 Qxc3+ 33.Kf1 Qh3+ 
        34.Ke2 Qd3+ $11 )
    )
28...Bb2 $1 
    ( 28...Rxf2+ $2 29.Bxf2 Qxf2+ 30.Qe2 Qd4+ 31.Kc2 Qb2+ 32.Kd1 Qb3+ 33.
    Rc2 Qb1+ 34.Kd2 )
29.Rb1 
    ( 29.Rc2 Bxa3 {i Gc5-/+} )
29...Rxf2+ $1 30.Bxf2 Qxf2+ 31.Qe2 Qd4+ 32.Kc2 
    ( 32.Ke1 Qg1+ )
32...Qc3+ 33.Kd1 Qb3+ 34.Qc2 
    ( 34.Ke1 $4 Bc3+ {-+} )
34...Qf3+ 35.Qe2 1/2-1/2

[Event "57th POL-ch"]
[Site "Plock POL"]
[Date "2000.04.04"]
[Round "5"]
[White "Kuczynski, Robert"]
[Black "Gdanski, Jacek"]
[Result "1/2-1/2"]
[WhiteElo "2451"]
[BlackElo "2535"]
[EventDate "2000.03.31"]
[PlyCount "29"]

1.e4 c5 2.Nf3 g6 3.c3 Bg7 4.d4 cxd4 5.cxd4 d5 6.e5 Nc6 7.h3 Nh6 8.Nc3 O-O 
9.Bb5 f6 10.exf6 exf6 11.O-O Be6 12.Bxc6 bxc6 13.b3 Nf5 14.Re1 Re8 15.Ba3 
1/2-1/2

[Event "57th POL-ch"]
[Site "Plock POL"]
[Date "2000.04.04"]
[Round "5"]
[White "Hnydiuk, Aleksander"]
[Black "Grabarczyk, Bogdan"]
[Result "1-0"]
[WhiteElo "2352"]
[BlackElo "2394"]
[EventDate "2000.03.31"]
[PlyCount "67"]

1.e4 e6 2.d4 d5 3.Nc3 Bb4 4.e5 c5 5.a3 Bxc3+ 6.bxc3 Qc7 7.Nf3 Nd7 8.Bd3 c4
9.Be2 Nb6 10.Qd2 Na4 11.Qg5 f6 12.Qe3 Bd7 13.O-O O-O-O 14.Bd2 Ne7 15.exf6 
gxf6 16.Nh4 Nc6 17.Bf3 Qa5 18.Bg4 Rde8 19.Rfe1 Qd8 20.Bh5 Re7 21.Qf3 Qf8 
22.Bf4 Rg7 23.Qe3 Qd8 24.Bh6 Re7 25.Qf3 Rg8 26.Re3 Be8 27.Bxe8 Rexe8 28.
Rae1 f5 29.Rxe6 Rxe6 30.Qxf5 Qxh4 31.Qxe6+ Kc7 32.Qf7+ Kb6 33.Rb1+ Nb2 34.
Rxb2+ 1-0

[Event "57th POL-ch"]
[Site "Plock POL"]
[Date "2000.04.04"]
[Round "5"]
[White "Urban, Klaudiusz"]
[Black "Kempinski, Robert"]
[Result "1/2-1/2"]
[WhiteElo "2467"]
[BlackElo "2528"]
[EventDate "2000.03.31"]
[PlyCount "126"]

1.g3 Nf6 2.Bg2 g6 3.c4 Bg7 4.Nf3 O-O 5.O-O Re8 6.d4 d6 7.Nc3 Nbd7 8.d5 Nb6
9.Nd2 Bd7 10.Rb1 c6 11.b3 e6 12.dxc6 Bxc6 13.e4 d5 14.c5 Nbd7 15.b4 d4 16.
Ne2 Bb5 17.a4 Bd3 18.Rb3 Bxe2 19.Qxe2 a5 20.Ba3 axb4 21.Bxb4 Bf8 22.Rc1 
Rxa4 23.Qb5 Ra2 24.Nc4 Qc7 25.e5 Nd5 26.Nd6 Rb8 27.Bxd5 exd5 28.f4 Qc6 29.
Be1 d3 30.Bf2 d2 31.Rd1 Rc2 32.Qd3 Rxc5 33.Qxd2 Rc2 34.Qxd5 Qxd5 35.Rxd5 
b6 36.Ne4 f5 37.exf6 Rb7 38.g4 Ra7 39.Rbd3 Nc5 40.Nxc5 Bxc5 41.Bxc5 Ra1+ 
42.Rd1 Rxd1+ 43.Rxd1 bxc5 44.g5 Rc4 45.Rf1 Rd4 46.Kg2 c4 47.Rf3 Rd2+ 48.
Kg3 Rb2 49.Re3 Rb3 50.Kf3 Rb2 51.Kg3 Rb3 52.Kf3 Kf8 53.Ke4 c3 54.Re2 Rb4+ 
55.Ke3 Rc4 56.Rc2 Kf7 57.Kd3 Rxf4 58.Rxc3 Rh4 59.Rc7+ Kf8 60.Rc2 h6 61.
gxh6 Kf7 62.Rf2 Rxh6 63.Ke4 Rh5 1/2-1/2

[Event "57th POL-ch"]
[Site "Plock POL"]
[Date "2000.04.04"]
[Round "5"]
[White "Grabarczyk, Miroslaw"]
[Black "Markowski, Tomasz"]
[Result "1/2-1/2"]
[WhiteElo "2522"]
[BlackElo "2531"]
[EventDate "2000.03.31"]
[PlyCount "22"]

1.d4 d5 2.c4 e6 3.Nf3 c6 4.Qc2 Nf6 5.Nbd2 dxc4 6.Nxc4 c5 7.dxc5 Bxc5 8.e3 
O-O 9.Be2 a6 10.O-O b5 11.Nce5 Qb6 1/2-1/2

[Event "57th POL-ch"]
[Site "Plock POL"]
[Date "2000.04.04"]
[Round "5"]
[White "Jaracz, Pawel"]
[Black "Czerwonski, Aleksander"]
[Result "1-0"]
[WhiteElo "2490"]
[BlackElo "2414"]
[EventDate "2000.03.31"]
[PlyCount "81"]

1.e4 d6 2.d4 Nf6 3.Nc3 g6 4.Bf4 Bg7 5.Qd2 a6 6.f3 b5 7.Bh6 Bxh6 8.Qxh6 
Nbd7 9.O-O-O e5 10.Nh3 Bb7 11.Nf2 Qe7 12.d5 Nc5 13.a3 Qf8 14.Qd2 h5 15.g4 
Qe7 16.h4 Bc8 17.Be2 Bd7 18.b4 Nb7 19.Kb2 Kf8 20.g5 Ne8 21.f4 c5 22.dxc6 
Bxc6 23.Rhf1 exf4 24.Nd3 Nc7 25.Nxf4 Kg7 26.Rf2 a5 27.Rdf1 axb4 28.axb4 
Nd8 29.Rd1 Nb7 30.Qd4+ Qe5 31.Qb6 Ra2+ 32.Kxa2 Qxc3 33.Qd4+ Qxd4 34.Rxd4 
Re8 35.Bf3 Na8 36.Nd5 Re5 37.Kb3 Bxd5+ 38.Rxd5 Rxd5 39.exd5 Nc7 40.c4 Kf8 
41.Ra2 1-0

[Event "57th POL-ch"]
[Site "Plock POL"]
[Date "2000.04.05"]
[Round "6"]
[White "Macieja, Bartlomiej"]
[Black "Czerwonski, Aleksander"]
[Result "1-0"]
[WhiteElo "2558"]
[BlackElo "2414"]
[EventDate "2000.03.31"]
[PlyCount "81"]

1.e4 g6 2.d4 Bg7 3.Nf3 d6 4.Bc4 c6 5.O-O d5 6.Bb3 dxe4 7.Ng5 Nh6 8.c3 O-O 
9.Nxe4 Qc7 10.Nbd2 Nd7 11.Nf3 Nf5 12.Re1 c5 13.dxc5 Nxc5 14.Nxc5 Qxc5 15.
Bf4 Bf6 16.h3 Ng7 17.Ne5 Be6 18.Nd7 Bxd7 19.Qxd7 Qb6 20.Bc7 Qa6 21.Rad1 
Rac8 22.a4 Nf5 23.Bf4 Qb6 24.Qb5 Qxb5 25.axb5 Rc5 26.Rd5 Rfc8 27.g4 Nh4 
28.Red1 e6 29.Rxc5 Rxc5 30.c4 Nf3+ 31.Kg2 Nd4 32.Be3 e5 33.f4 Nxb3 34.Bxc5
Nxc5 35.fxe5 Be7 36.b4 Ne6 37.c5 Nxc5 38.bxc5 Bxc5 39.Rd8+ Kg7 40.Rd7 Kf8 
41.Rxb7 1-0

[Event "57th POL-ch"]
[Site "Plock POL"]
[Date "2000.04.05"]
[Round "6"]
[White "Markowski, Tomasz"]
[Black "Jaracz, Pawel"]
[Result "1-0"]
[WhiteElo "2531"]
[BlackElo "2490"]
[EventDate "2000.03.31"]
[PlyCount "59"]

1.g3 Nf6 2.Bg2 e5 3.c4 Nc6 4.Nc3 Bc5 5.e3 d5 6.Nxd5 Nxd5 7.cxd5 Nb4 8.d3 
Nxd5 9.Nf3 Qf6 10.O-O O-O 11.Qb3 c6 12.e4 Nb6 13.Qc3 Bd6 14.Bg5 Qg6 15.Be3
Re8 16.a4 Nd7 17.a5 a6 18.Nd2 Nf6 19.Nc4 Ng4 20.Bb6 f5 21.exf5 Bxf5 22.
Rad1 h5 23.h3 Nh6 24.Rfe1 Nf7 25.Re3 Ng5 26.Kh2 h4 27.Rde1 hxg3+ 28.Rxg3 
Re6 29.Nxd6 Rxd6 30.Qc1 1-0

[Event "57th POL-ch"]
[Site "Plock POL"]
[Date "2000.04.05"]
[Round "6"]
[White "Grabarczyk, Bogdan"]
[Black "Urban, Klaudiusz"]
[Result "1-0"]
[WhiteElo "2394"]
[BlackElo "2467"]
[EventDate "2000.03.31"]
[PlyCount "49"]

1.e4 g6 2.d4 Bg7 3.Nc3 c6 4.f4 d6 5.Be3 Nf6 6.Qd2 Ng4 7.Nf3 Nxe3 8.Qxe3 
Bg4 9.e5 O-O 10.O-O-O dxe5 11.fxe5 Nd7 12.Be2 Qa5 13.Nd2 Be6 14.Kb1 Rad8 
15.h4 Nb6 16.Nb3 Nd5 17.Nxd5 Qxd5 18.h5 c5 19.hxg6 hxg6 20.Rh4 Rc8 21.Rdh1
Qxg2 22.Nxc5 Rxc5 23.dxc5 Bf5 24.R1h2 Qd5 25.Rh8+ 1-0